000 00867cam a22002534a 4500
001 12686332
005 20180814082927.0
008 020221s2002 nyua be 001 0 eng
010 _a 2002002596
020 _a0028654722 (set : hardcover : alk. paper)
035 _a(DLC) 2002002596
040 _aDLC
_cDLC
_dDLC
041 _aeng
042 _apcc
080 _a305.2603 EKE
082 0 0 _a305.2603 EKE
_221
100 _a23
101 _aENC
245 0 0 _aEncyclopedia of aging /
_cDavid J. Ekerdt, editor in chief.
504 _aIncludes bibliographical references and index.
906 _a7
_bcbc
_corignew
_d1
_eecip
_f20
_gy-gencatlg
942 _2ddc
_cBK
999 _c47155
_d47155